000 00690nam a2200289Ia 4500
005 20260324120517.0
008 008 260324s9999 xx 000 0 eng d
020 _a9781315819730
037 _aEBOOK
040 _aCRL
040 _beng
040 _cCRL
041 _2eng
041 _aeng
084 _qCRL
100 _aNancy Sulla
_91145913
245 0 _aIt's Not What You Teach But How
245 0 _b7 Insights to Making the CCSS Work for You
260 _bTaylor and Francis
260 _c2015
365 _a
365 _b145
856 _uhttp://www.taylorfrancis.com/books/9781315819730
942 _cEBOOK
999 _c1750434
_d1750434